000 00559nam a2200181Ia 4500
003 GCL
008 140319s9999 xx 000 0 ara d
040 _aGCL /
_cGCL
082 0 4 _aد
_b050
_bد ا
100 1 _aدار لوتس للنشر والطباعة
245 1 0 _aالشموع /
_cدار لوتس للنشر والطباعة
260 _a[S.N] :
_bدار لوتس للنشر والطباعة
300 _a106
490 _aكتب الهلال للاولاد والبنات
_v0
650 0 4 _aالادب
650 0 4 _aالفنون
942 _2ddc
_cCF
999 _c27060
_d27060